Logo BPK

Biblioteka

Politechniki Koszalińskiej

Prawo żywnościowe : (Rekord nr 44652)

Szczegóły MARC
000 -ETYKIETA REKORDU
podpole kontrolne o stałej długości 01003nam a2200277 i 4500
001 - NUMER KONTROLNY REKORDU
pole kontrolne bg
020 ## - MIĘDZYNARODOWY ZNORMALIZOWANY NUMER KSIĄŻKI - ISBN
ISBN 8373333096
040 ## - ŹRÓDŁO KATALOGOWANIA
Instytucja, która utworzyła rekord BPK
041 0# - KOD JĘZYKA
Kod języka tekstu pol
080 ## - UNIWERSALNA KLASYFIKACJA DZIESIĘTNA - UKD
UKD 346.7:663/664+63](438)(094)
920 ## - Międzynarodowy znormalizowany numer książki – ISBN
ISBN 83-7333-309-6
008 - POLE O STAŁEJ DŁUGOŚCI - DANE KONTROLNE
podpole kontrolne o stałej długości s pl f |000 0 pol
245 00 - TYTUŁ/ODPOWIEDZIALNOŚĆ
Tytuł Prawo żywnościowe :
Ciąg dalszy tytułu zbiór przepisów /
Pozostałe elementy strefy tytułu i oznaczenia odpowiedzialności [wybór] Beata Jeżyńska, Piotr Mikołajczyk, Radosław Pastuszko ; Aleksander Oleszko red.
250 ## - STREFA WYDANIA
Oznaczenie wydania Stan prawny na 1 listopada 2003 r.
260 ## - STREFA ADRESU WYDAWNICZEGO
Miejsce wydania Kraków :
Nazwa wydawcy/dystrybutora "Zakamycze",
Data publikacji, dystrybucji/powstania dokumentu 2003.
300 ## - STREFA OPISU FIZYCZNEGO
Objętość 619, [1] s. ;
Rozmiary 24 cm.
490 1# - STREFA SERII I DOKUMENTU WIELOCZĘŚCIOWEGO - FORMA NIE DO WYSZUKIWANIA
Tytuł i oznaczenie odpowiedzialności serii Seria Akademicka
650 #9 - HASŁO PRZEDMIOTOWE W FORMIE NAZWY OGÓLNEJ LUB JEDNOSTKOWEJ
Nazwa ogólna lub geograficzna Żywność
Określnik ogólny prawo
Określnik geograficzny Polska
Określnik chronologiczny stan na 2003 r.
700 1# - HASŁO DODATKOWE - NAZWA OSOBOWA
Nazwa osobowa JEŻYŃSKA, Beata.
Określenie związku między hasłem a opisywanym materiałem Aut. wyboru
700 1# - HASŁO DODATKOWE - NAZWA OSOBOWA
Nazwa osobowa MIKOŁAJCZYK, Piotr
Daty związane z nazwą (1972- ).
Określenie związku między hasłem a opisywanym materiałem Aut. wyboru
700 1# - HASŁO DODATKOWE - NAZWA OSOBOWA
Nazwa osobowa PASTUSZKO, Radosław
Daty związane z nazwą (1978- ).
Określenie związku między hasłem a opisywanym materiałem Aut. wyboru
700 1# - HASŁO DODATKOWE - NAZWA OSOBOWA
Nazwa osobowa OLESZKO, Aleksander
Daty związane z nazwą (1943- ).
Określenie związku między hasłem a opisywanym materiałem Red.
830 ## - HASŁO DODATKOWE SERII LUB DOKUMENTU WIELOCZĘŚCIOWEGO - TYTUŁ UJEDNOLICONY
Tytuł ujednolicony Seria Akademicka
856 ## - LOKALIZACJA I DOSTĘP DO ELEKTRONICZNYCH DOKUMENTÓW ZDALNYCH
Link (URL) http://koha.tu.koszalin.pl/cgi-bin/koha/opac-detail.pl?biblionumber=44652
Tekst linku Katalog online BPK
942 ## - DODATKOWE ELEMENTY (KOHA)
Typ dokumentu Książka
Egzemplarze
Wycofany Status egzemplarza Uszkodzony Dostępność Lokalizacja stała Lokalizacja bieżąca Miejsce przechowywania Sygnatura Kod kreskowy Dział Typ dokumentu
      Tylko na miejscu Biblioteka Politechniki Koszalińskiej Biblioteka Politechniki Koszalińskiej Czytelnia BG 72133 02174884 346 Prawo gospodarcze Książka
© 2023 Biblioteka Politechniki Koszalińskiej :: KOHA